000 00471 a2200181 4500
001 067132
003 OSt
005 20211029145602.0
008
082 _a005.1
_bG95D
100 1 _aGupta, Prabhakar
245 1 _aDesign and analysis of algorithms
_cby Prabhakar Gupta and Vineet Agarwal
260 _aNew Delhi
_bPHI Learning
_c2008
300 _a370p.
690 _aAlgorithms
700 _aAgarwal, Vineet
942 _2ddc
_cBK
999 _c1111
_d1111